A place called there. (Record no. 12729)

000 -LEADER
fixed length control field 00550nam a2200193 a 4500
001 - CONTROL NUMBER
control field :::00010543$&:&@@
003 - CONTROL NUMBER IDENTIFIER
control field OkBaRHE
005 - DATE AND TIME OF LATEST TRANSACTION
control field 20000607103400.0
008 - FIXED-LENGTH DATA ELEMENTS--GENERAL INFORMATION
fixed length control field j 000 0 eng u
040 ## - CATALOGING SOURCE
Transcribing agency
100 1# - MAIN ENTRY--PERSONAL NAME
Personal name Osteen, John H.
245 12 - TITLE STATEMENT
Title A place called there.
260 ## - PUBLICATION, DISTRIBUTION, ETC. (IMPRINT)
Place of publication, distribution, etc Houston, TX., :
Name of publisher, distributor, etc John Osteen Ministries
Date of publication, distribution, etc nd
300 ## - PHYSICAL DESCRIPTION
Extent 28 p. ;
Dimensions 14 cm.
650 ## - SUBJECT ADDED ENTRY--TOPICAL TERM
Topical term or geographic name as entry element Christian Life
650 ## - SUBJECT ADDED ENTRY--TOPICAL TERM
Topical term or geographic name as entry element God Will
942 ## - ADDED ENTRY ELEMENTS (KOHA)
Source of classification or shelving scheme
Koha item type Books
Copies
Source of classification or shelving scheme Copy number Full call number Lost status Shelving location Withdrawn status Koha item type Permanent Location Barcode Not for loan Date last seen Damaged status Price effective from Date acquired
 1BV 4501 .O8 General Stacks BooksRHEMA Bible Training College10543 2010-04-14 2010-04-142010-04-14